000 00496nam a2200193 4500
003 OSt
005 20260530113922.0
008 260520b |||||||| |||| 00| 0 ita d
040 _aICI
_bspa
_cICI
_erda
050 _aNK1
_b.D47
100 _aISIA Firenze
_eautor
_934731
245 _aDesign & dintorni
264 _aItalia
_bISIA Firenze
_c1988
300 _a152 páginas
336 _2rdacontent
_atexto
337 _2rdamedia
_asin medio
338 _2rdacarrier
_avolumen
942 _2lcc
_n1
_cBK
999 _c12479
_d12479